| 000 | 00513nam a2200193Ia 4500 | ||
|---|---|---|---|
| 008 | 180207s9999 xx 000 0 und d | ||
| 020 | _a9780060518899 | ||
| 050 | _bP233 2005 | ||
| 100 | _aParish, Herman | ||
| 245 | _aAmelia Bedelia, rocket scientist? / | ||
| 245 | _cby Herman Parish ; pictures by Lynn Sweat. | ||
| 260 | _aNew York : | ||
| 260 | _bHarper Collins Publishers, | ||
| 260 | _c2005 | ||
| 300 | _a64 pages : | ||
| 300 | _bcolor illustration ; | ||
| 300 | _c23cm. | ||
| 440 | _aI can read! | ||
| 999 |
_c355547 _d355547 |
||